000 00460nam a22001577a 4500
005 20250905113122.0
008 250905b |||||||| |||| 00| 0 eng d
020 _a13: 978-0-13-2359989-4
050 _aLB 1051 .O76 2008
_bC.1
100 _aJeanne Ellis Ormrod
245 _aEDUCATIONAL PSYCHOLOGY
_b: Developing Learners
250 _aSixth Edition
260 _aAustralia
_bPearson Merrill Prentice Hall
_c2008
300 _a627pages
942 _2lcc
_cBK
999 _c216071
_d216071